El cultivo de la tilapia / María del Socorro Salazar Bustos; formación y deseño de portada Isauro Hernández Martínez y Josué Antuán Hernández Mondragón (Record no. 217157)
[ view plain ]
| 000 -CABECERA | |
|---|---|
| campo de control de longitud fija | 01260nam a2200313Ia 4500 |
| 001 - NÚMERO DE CONTROL | |
| campo de control | Z_6629 |
| 008 - DATOS DE LONGITUD FIJA--INFORMACIÓN GENERAL | |
| campo de control de longitud fija | 220601s9999 xx 000 0 und d |
| 020 ## - NÚMERO INTERNACIONAL ESTÁNDAR DEL LIBRO | |
| Número Internacional Estándar del Libro | 978-607-12-0307-6 |
| 082 ## - NÚMERO DE LA CLASIFICACIÓN DECIMAL DEWEY | |
| Número de clasificación | 639.3758 S25 |
| 100 ## - ENTRADA PRINCIPAL--NOMBRE DE PERSONA | |
| Nombre de persona | Salazar Bustos, María del Socorro |
| 9 (RLIN) | 126242 |
| 245 ## - MENCIÓN DE TÍTULO | |
| Título | El cultivo de la tilapia / María del Socorro Salazar Bustos; formación y deseño de portada Isauro Hernández Martínez y Josué Antuán Hernández Mondragón |
| 260 ## - PUBLICACIÓN, DISTRIBUCIÓN, ETC. | |
| Lugar de publicación, distribución, etc. | México : UACh, Departamento de Enseñanza, Investigación y Servicio en Zootecnia, Campo agricola experimental |
| 300 ## - DESCRIPCIÓN FÍSICA | |
| Extensión | 46 p. |
| 500 ## - NOTA GENERAL | |
| Nota general | En portada: Sistemas de cultivo |
| 503 ## - NOTA DE HISTORIA BIBLIOGRÁFICA (BK CF MU) [OBSOLETO] | |
| Nota de historia bibliográfica | ej.1: donación \ ej.2: donación \ ej.3: donación |
| 504 ## - NOTA DE BIBLIOGRAFÍA, ETC. | |
| Nota de bibliografía, etc. | Bibliografía: p. 44 - 45 |
| 650 ## - PUNTO DE ACCESO ADICIONAL DE MATERIA--TÉRMINO DE MATERIA | |
| Término de materia o nombre geográfico como elemento de entrada | 1. Piscicultura |
| 650 ## - PUNTO DE ACCESO ADICIONAL DE MATERIA--TÉRMINO DE MATERIA | |
| Término de materia o nombre geográfico como elemento de entrada | Tilapias -- Cultivos |
| 650 ## - PUNTO DE ACCESO ADICIONAL DE MATERIA--TÉRMINO DE MATERIA | |
| Término de materia o nombre geográfico como elemento de entrada | Tilapias -- Producción |
| 650 ## - PUNTO DE ACCESO ADICIONAL DE MATERIA--TÉRMINO DE MATERIA | |
| Término de materia o nombre geográfico como elemento de entrada | Nutrición de los peces |
| 650 ## - PUNTO DE ACCESO ADICIONAL DE MATERIA--TÉRMINO DE MATERIA | |
| Término de materia o nombre geográfico como elemento de entrada | Enfermedades de peces |
| 9 (RLIN) | 143539 |
| 650 ## - PUNTO DE ACCESO ADICIONAL DE MATERIA--TÉRMINO DE MATERIA | |
| Término de materia o nombre geográfico como elemento de entrada | Peces -- Mercado |
| 700 ## - PUNTO DE ACCESO ADICIONAL--NOMBRE DE PERSONA | |
| Nombre de persona | Hernández Martínez, Isauro, diseño y portada \ Hernández Mondragón, Josué Antuán, diseño y portadaÌ |
| 9 (RLIN) | 184052 |
| 901 ## - ELEMENTOS DE DATOS A LOCAL LDA (RLIN) | |
| a | 639.3758 S25 |
| 902 ## - ELEMENTOS DE DATOS B LOCAL, LDB (RLIN) | |
| a | M |
| 905 ## - ELEMENTOS DE DATOS E LOCAL, LDE (RLIN) | |
| a | 5232272013 mx dn 8221113311spa16 |
| 942 ## - ELEMENTOS DE PUNTO DE ACCESO ADICIONAL (KOHA) | |
| Tipo de ítem Koha | Libro_ |
| Estado de retiro | Estado de pérdida | Fuente del sistema de clasificación o colocación | Estado dañado | No para préstamo | Código de colección | Localización permanente | Ubicación/localización actual | Ubicación en estantería | Fecha de adquisición | Total de préstamos | Renovaciones totales | Código de barras | Fecha visto por última vez | Fecha del último préstamo | Número de copia | Precio válido a partir de | Tipo de ítem Koha |
|---|---|---|---|---|---|---|---|---|---|---|---|---|---|---|---|---|---|
| Dewey Decimal Classification | General | Zootecnia | Zootecnia | 18/09/2015 | 3 | 1 | z_6518 | 09/09/2025 | 09/09/2025 | 3 | 02/06/2022 | Libro | |||||
| Dewey Decimal Classification | General | Zootecnia | Zootecnia | 18/09/2015 | z_6516 | 02/06/2022 | 1 | 02/06/2022 | Libro | ||||||||
| Dewey Decimal Classification | General | Zootecnia | Zootecnia | 18/09/2015 | z_6517 | 02/06/2022 | 2 | 02/06/2022 | Libro |
